| 000 | 00833nam a2200253 u 4500 | ||
|---|---|---|---|
| 005 | 20230110063533.0 | ||
| 008 | 101012s2005 r 000 0 eng d | ||
| 020 | _a8424106393 (Colección) | ||
| 020 | _a8424106512 | ||
| 035 | _aUPN01000178152 | ||
| 049 | _aI | ||
| 050 | 4 |
_aQ163 _bG3.36 |
|
| 100 | 1 | _aGaff, Jackie | |
| 245 | 1 | 0 |
_aEn el Sahara hace frío de noche : _by otras preguntas sobre desiertos / _cJackie Gaff ; tr. de Alberto Jiménez Rioja. |
| 260 |
_aLeón, Esp. : _bEverest, _c2005. |
||
| 300 |
_a32 p. : _bil. col. |
||
| 440 | 0 | _aMe pregunto por qué | |
| 440 | 0 | _aMi primera enciclopedia | |
| 534 |
_pTítulo original : _tI wonder why the Shara is cold at night |
||
| 650 | 2 |
_aCiencia _vLiteratura juvenil _96801 |
|
| 650 | 4 |
_aPREGUNTAS Y RESPUESTAS _95370 |
|
| 650 | 4 |
_aDESIERTOS _915893 |
|
| 905 | _aInfantil | ||
| 999 |
_c150255 _d150255 |
||